Textbook of engineering physics / (Record no. 39440)
[ view plain ]
| 000 -LEADER | |
|---|---|
| fixed length control field | 02472nam a22003617a 4500 |
| 005 - DATE AND TIME OF LATEST TRANSACTION | |
| control field | 2010080505295.0 |
| 010 ## - LCCN (DPL NO) | |
| LC control number | ENG-98409 B-431003-012 |
| 020 ## - INTERNATIONAL STANDARD BOOK NUMBER | |
| International Standard Book Number | 9788120333611 (part 1) |
| Terms of availability | 175.00 |
| 035 ## - SYSTEM CONTROL NUMBER | |
| System control number | EN-81942 B-431003-012 |
| 037 ## - SOURCE OF ACQUISITION | |
| Source of stock number/acquisition | DBAD/PUB |
| 037 ## - SOURCE OF ACQUISITION | |
| Source of stock number/acquisition | Allied Pub/Ven |
| 082 ## - DEWEY DECIMAL CLASSIFICATION NUMBER | |
| Classification number | 530 |
| 100 ## - MAIN ENTRY--PERSONAL NAME | |
| Personal name | Mehta, Neeraj |
| 245 ## - TITLE STATEMENT | |
| Title | Textbook of engineering physics / |
| Statement of responsibility, etc | by Neeraj Mehta |
| 260 ## - PUBLICATION, DISTRIBUTION, ETC. (IMPRINT) | |
| Place of publication, distribution, etc | New Delhi |
| Name of publisher, distributor, etc | PHI Learning |
| Date of publication, distribution, etc | 2008 |
| 270 ## - ADDRESS | |
| Address | M-97, Connaught Cricus |
| City | New Delhi |
| Postal code | 110091 |
| 300 ## - PHYSICAL DESCRIPTION | |
| Extent | (Part 1) vii, 225 p. |
| Other physical details | 24cm (Pbk) |
| 500 ## - GENERAL NOTE | |
| General note | Includes bibliographical references |
| 700 ## - ADDED ENTRY--PERSONAL NAME | |
| 9 (RLIN) | 6809 |
| 942 ## - ADDED ENTRY ELEMENTS (KOHA) | |
| Source of classification or shelving scheme | Dewey Decimal Classification |
| Item type | English Books |
| Classification part | 530 |
| Call number suffix | MEH |
| Withdrawn status | Lost status | Not for loan | Collection code | Home library | Current library | Date acquired | Cost, normal purchase price | Full call number | Barcode | Copy number | Cost, replacement price | Koha item type | Source of acquisition |
|---|---|---|---|---|---|---|---|---|---|---|---|---|---|
| Non-fiction | Central Library | Central Library | 07/06/2011 | 175.00 | 530 MEH | B-431003 | 1 | 175.00 | English Books | Allied Pub/2961/29.3.11/85/24.3.11/31.3.11 | |||
| Not For Loan | Non-fiction | D.B.Act.Division | D.B.Act.Division | 05/08/2010 | 175.00 | 530 MEH | EN-81942 | 1 | 175.00 | English Books | |||
| Non-fiction | Mobile Library | Mobile Library | 07/06/2011 | 175.00 | 530 MEH | B-431004 | 5 | 175.00 | English Books | Allied Pub/2961/29.3.11/85/24.3.11/31.3.11 | |||
| Non-fiction | Mobile Library | Mobile Library | 07/06/2011 | 175.00 | 530 MEH | B-431005 | 5 | 175.00 | English Books | Allied Pub/2961/29.3.11/85/24.3.11/31.3.11 | |||
| Non-fiction | Mobile Library | Mobile Library | 07/06/2011 | 175.00 | 530 MEH | B-431006 | 5 | 175.00 | English Books | Allied Pub/2961/29.3.11/85/24.3.11/31.3.11 | |||
| Written-off vide DLB M. No. 383 dt 16.05.19 | Non-fiction | Mobile Library | Mobile Library | 07/06/2011 | 175.00 | 530 MEH | B-431007 | 5 | 175.00 | English Books | Allied Pub/2961/29.3.11/85/24.3.11/31.3.11 | ||
| Non-fiction | Mobile Library | Mobile Library | 07/06/2011 | 175.00 | 530 MEH | B-431008 | 5 | 175.00 | English Books | Allied Pub/2961/29.3.11/85/24.3.11/31.3.11 | |||
| Written-off vide DLB M. No. 383 dt 16.05.19 | Non-fiction | Patel Nagar | Patel Nagar | 07/06/2011 | 175.00 | 530 MEH | B-431009 | 1 | 175.00 | English Books | Allied Pub/2961/29.3.11/85/24.3.11/31.3.11 | ||
| Non-fiction | Sarojini Nagar | Sarojini Nagar | 07/06/2011 | 175.00 | 530 MEH | B-431010 | 1 | 175.00 | English Books | Allied Pub/2961/29.3.11/85/24.3.11/31.3.11 | |||
| Non-fiction | Shahdara Branch | Shahdara Branch | 07/06/2011 | 175.00 | 530 MEH | B-431011 | 1 | 175.00 | English Books | Allied Pub/2961/29.3.11/85/24.3.11/31.3.11 | |||
| Non-fiction | Yojana Vihar | Yojana Vihar | 07/06/2011 | 175.00 | 530 MEH | B-431012 | 1 | 175.00 | English Books | Allied Pub/2961/29.3.11/85/24.3.11/31.3.11 |
